| 000 | 00496nam a2200169 a 4500 | ||
|---|---|---|---|
| 001 | 000025694 | ||
| 005 | 20200930023958.0 | ||
| 008 | 090930s1981 dr a r 001 0 spa d | ||
| 040 |
_aDO-SdBNP _bspa _cBNPHU |
||
| 082 |
_axxx _aC334e |
||
| 100 | 1 |
_aCasado, Lucio _96670 |
|
| 245 | 1 | 0 |
_aPrincipios de economía política / _cLucio Casado. |
| 250 | _a6a ed. | ||
| 260 |
_aSanto Domingo : _bColegial Quisqueyana, _c1981. |
||
| 300 |
_a228 p. : _bil. ; _c23 cm. |
||
| 504 | _aBibliográficas : p. 227-228 | ||
| 999 |
_c25186 _d25186 |
||